[Event "IV Offene Bayerische Meisterschaft"]
[Site "Bad Wiessee GER"]
[Date "2000.11.03"]
[EventDate "2000.10.28"]
[Round "7"]
[Result "1/2-1/2"]
[White "Marion Albert"]
[Black "Magnus Carlsen"]
[WhiteElo "2068"]
[BlackElo "1323"]
[PlyCount "84"]

1. e4 e5 2. d4 exd4 3. Qxd4 Nc6 4. Qe3 Nf6 5. Nc3 d6 6. Bd2
Be7 7. O-O-O Be6 8. f4 d5 9. exd5 Nxd5 10. Qg3 Qd7 11. Nf3
O-O-O 12. Bb5 Bf6 13. Ne4 a6 14. Nxf6 gxf6 15. Bc4 Nb6 16. Bc3
Qe7 17. Bb3 Bxb3 18. axb3 Nd5 19. Rhe1 Qc5 20. Qg4+ Kb8
21. Qf5 Qe3+ 22. Rxe3 Nxe3 23. Rxd8+ Rxd8 24. Qd3 Rxd3
25. cxd3 Nxg2 26. f5 Ne3 27. Bxf6 Nxf5 28. Ng5 h6 29. Nxf7 Kc8
30. Ne5 Nxe5 31. Bxe5 Kd7 32. Kd2 c6 33. Ke2 Ke6 34. Bf4 h5
35. b4 Nd4+ 36. Kf2 Nc2 37. Bd2 Nd4 38. Kg3 Kf5 39. h4 Ne2+
40. Kf2 Nd4 41. Kg3 Ne2+ 42. Kf2 Nd4 1/2-1/2

[Event "IV Offene Bayerische Meisterschaft"]
[Site "Bad Wiessee GER"]
[Date "2000.11.04"]
[EventDate "2000.10.28"]
[Round "8"]
[Result "0-1"]
[White "Magnus Carlsen"]
[Black "Joerg Wengler"]
[WhiteElo "1323"]
[BlackElo "2081"]
[PlyCount "71"]

1. d4 d5 2. Bg5 Nf6 3. Nf3 c6 4. e3 Bg4 5. Be2 Nbd7 6. O-O e6
7. Ne5 Bxe2 8. Qxe2 Be7 9. f4 Ne4 10. Bxe7 Qxe7 11. Nxd7 Qxd7
12. Nd2 Nxd2 13. Qxd2 O-O 14. Qd3 f5 15. c3 a5 16. a4 Qe7
17. Rfb1 Rfb8 18. Qc2 Qc7 19. Qd3 b5 20. b3 Qb6 21. c4 dxc4
22. bxc4 b4 23. c5 Qd8 24. Qc4 Qd5 25. Qxd5 exd5 26. Rb3 Kf7
27. Kf2 Re8 28. Kf3 Re4 29. Rg1 Rg8 30. h4 Re6 31. g4 fxg4+
32. Rxg4 Rg6 33. Rb1 Rxg4 34. Kxg4 Kf6 35. Rb3 Re8 36. Kf3
{and some more moves} 0-1

[Event "IV Offene Bayerische Meisterschaft"]
[Site "Bad Wiessee GER"]
[Date "2000.11.05"]
[EventDate "2000.10.28"]
[Round "9"]
[Result "0-1"]
[White "Michael Kemmler"]
[Black "Magnus Carlsen"]
[WhiteElo "1871"]
[BlackElo "1323"]
[PlyCount "86"]

1. e4 e5 2. Nf3 Nc6 3. Bc4 Nf6 4. d3 Be7 5. Nc3 d6 6. h3 a6
7. O-O b5 8. Bb3 Na5 9. Nd5 Nxb3 10. axb3 Nxd5 11. exd5 f5
12. Re1 O-O 13. Qe2 Qe8 14. Nd4 Bd7 15. c4 Qg6 16. Nc6 Bxc6
17. dxc6 bxc4 18. bxc4 Bg5 19. Qf3 Bxc1 20. Qd5+ Kh8 21. Rexc1
Rfb8 22. Ra2 Rb6 23. c5 Rb5 24. d4 e4 25. Qc4 Rab8 26. Rxa6
Rxb2 27. Qc3 h6 28. Ra7 d5 29. Rxc7 R8b3 30. Qa5 Rxf2 31. g4
fxg4 32. Kxf2 Qf5+ 33. Ke1 Rb2 34. Qa8+ Kh7 35. Rxg7+ Kxg7
36. Qb7+ Rxb7 37. cxb7 Qf4 38. Rb1 Qe3+ 39. Kd1 Qxd4+ 40. Kc2
Qxc5+ 41. Kd1 Qg1+ 42. Kc2 Qf2+ 43. Kd1 e3 0-1

[Event "Ostlandsserien 2A (TCh-NOR Qual)"]
[Site "NOR"]
[Date "2000.11.12"]
[EventDate "2000.11.12"]
[Round "1"]
[Result "1-0"]
[White "Tor Henriksen"]
[Black "Magnus Carlsen"]
[WhiteElo "1871"]
[BlackElo "1323"]
[PlyCount "53"]

1. d4 Nf6 2. c4 g6 3. Nc3 Bg7 4. e4 d6 5. Nf3 O-O 6. Be2 e5
7. O-O Nc6 8. Bg5 h6 9. Bh4 g5 10. dxe5 Ng4 11. Bg3 Ngxe5
12. Nxe5 Nxe5 13. Qd2 f5 14. exf5 Bxf5 15. f4 Nf7 16. fxg5
Nxg5 17. h4 Bxc3 18. bxc3 Ne4 19. Qd5+ Kh8 20. Bf2 Nxf2
21. Rxf2 Qe7 22. Raf1 Rae8 23. Bh5 Bd7 24. Bxe8 Rxf2 25. Qd4+
Kh7 26. Qxf2 Bxe8 27. Re1 1-0

[Event "Asker SK Club Tournament Group A"]
[Site "Asker NOR"]
[Date "2000.11.13"]
[EventDate "2000.09.04"]
[Round "7"]
[Result "0-1"]
[White "Petter Lund"]
[Black "Magnus Carlsen"]
[WhiteElo "1418"]
[BlackElo "1323"]
[PlyCount "94"]

1. d4 Nf6 2. c4 e6 3. Nc3 c5 4. d5 d6 5. e4 exd5 6. cxd5 g6
7. f4 Bg7 8. Bb5+ Nfd7 9. Nf3 O-O 10. O-O a6 11. Be2 b5 12. e5
dxe5 13. fxe5 Nxe5 14. Ne4 Re8 15. Nfg5 f5 16. Nxc5 Qb6
17. Be3 Ng4 18. Bxg4 Rxe3 19. Rc1 fxg4 20. d6 Re5 21. Qb3+ Be6
22. Ngxe6 Kh8 23. Nxg7 Rxc5 24. Rf8+ Kxg7 25. Qf7+ Kh6
26. Qf4+ Kh5 27. Rxc5+ Qxc5+ 28. Kf1 Qd5 29. Re8 Nd7 30. Rxa8
Qxa8 31. Qf7 Qf8 32. Qxf8 Nxf8 33. Kf2 Kg5 34. Ke3 Kf5 35. Kd4
Ke6 36. Kc5 h5 37. g3 g5 38. b4 h4 39. Kc6 Nd7 40. Kc7 Ne5
41. a3 h3 42. d7 Nxd7 43. Kb7 Kd6 44. Kxa6 Kc6 45. Ka7 Nf6
46. Kb8 Nd5 47. Kc8 Ne3 0-1

[Event "Asker SK Club Tournament Group A"]
[Site "Asker NOR"]
[Date "2000.11.20"]
[EventDate "2000.09.04"]
[Round "8"]
[Result "1/2-1/2"]
[White "Rolf Christiansen"]
[Black "Magnus Carlsen"]
[WhiteElo "1638"]
[BlackElo "1323"]
[PlyCount "88"]

1. e4 e5 2. Nf3 Nf6 3. d4 Nxe4 4. Nxe5 d6 5. Nf3 d5 6. c4 Bb4+
7. Bd2 Nxd2 8. Nbxd2 Bg4 9. a3 Bxd2+ 10. Qxd2 O-O 11. Ne5 Re8
12. Qf4 f6 13. Qxg4 fxe5 14. Be2 exd4 15. O-O dxc4 16. Bxc4+
Kh8 17. Rfe1 Nc6 18. Bb5 Qd6 19. Qh5 g6 20. Qh3 Qd5 21. Bd3
Kg7 22. Rac1 Re5 23. f4 Rxe1+ 24. Rxe1 Rf8 25. Qg4 Qb3 26. Qg3
Kh8 27. h4 Qxb2 28. h5 gxh5 29. Qh4 Qd2 30. Re8 Qc1+ 31. Kh2
Rxe8 32. Qf6+ Kg8 33. Qg5+ Kf7 34. Bxh7 Re6 35. Bg8+ Ke8
36. Bxe6 Qxa3 37. f5 Qd6+ 38. g3 Qe5 39. Qg6+ Ke7 40. Qf7+ Kd6
41. Qf8+ Ne7 42. Qd8+ Kc6 43. Qxe7 Qe2+ 44. Kg1 Qe1+ 1/2-1/2

[Event "Norwegian Youth Ch Group E"]
[Site "Porsgrunn NOR"]
[Date "2000.11.24"]
[EventDate "2000.11.24"]
[Round "2"]
[Result "0-1"]
[White "Audun Brekke Flotten"]
[Black "Magnus Carlsen"]
[WhiteElo "638"]
[BlackElo "1323"]
[PlyCount "56"]

1. d4 Nf6 2. c4 c5 3. Nf3 cxd4 4. Nxd4 e6 5. g3 Nc6 6. Nxc6
bxc6 7. Bg2 d5 8. O-O Bd6 9. Nc3 Rb8 10. a3 O-O 11. b4 a5
12. bxa5 Qxa5 13. Bd2 Qd8 14. Re1 d4 15. Ne4 Nxe4 16. Bxe4 c5
17. e3 f5 18. Bg2 e5 19. Bc1 Be6 20. Qc2 e4 21. f3 Be5 22. Qa4
dxe3 23. Ra2 f4 24. gxf4 exf3 25. fxe5 f2+ 26. Kf1 fxe1=Q+
27. Kxe1 Qh4+ 28. Kd1 Rfd8+ 0-1

[Event "Norwegian Youth Ch Group E"]
[Site "Porsgrunn NOR"]
[Date "2000.11.25"]
[EventDate "2000.11.24"]
[Round "4"]
[Result "1-0"]
[White "Magnus Carlsen"]
[Black "Helge Selle"]
[WhiteElo "1323"]
[BlackElo "542"]
[PlyCount "77"]

1. e4 e5 2. Nf3 Nc6 3. Bb5 Nf6 4. O-O Bc5 5. c3 h6 6. d4 exd4
7. cxd4 Bb6 8. Nc3 O-O 9. d5 Ne7 10. e5 Nh7 11. Bd3 d6 12. Bf4
Ng6 13. Bxg6 fxg6 14. Bg3 Bg4 15. Qd3 Bf5 16. Qc4 Qe8 17. exd6
cxd6 18. Bxd6 Rf6 19. Bg3 Rc8 20. Qb3 Bc7 21. d6+ Be6 22. Qxb7
Bb6 23. Rfe1 Qf8 24. Nd5 Bxd5 25. Qxd5+ Rf7 26. d7 Rd8 27. Bd6
Rdxd7 28. Rad1 Bc7 29. Bxf8 Rxd5 30. Rxd5 Nxf8 31. Re8 Bb6
32. h3 g5 33. Rd6 Bc5 34. Rc6 Bb4 35. Ne5 Rf5 36. a3 Bd2
37. Nd7 Kf7 38. Rxf8+ Ke7 39. Rxf5 1-0

[Event "Ostlandsserien 2A (TCh-NOR Qual)"]
[Site "NOR"]
[Date "2000.12.03"]
[EventDate "2000.11.12"]
[Round "2"]
[Result "0-1"]
[White "Magnus Carlsen"]
[Black "Harald Furnes"]
[WhiteElo "1645"]
[BlackElo "1763"]
[PlyCount "102"]

1. d4 d5 2. c4 c6 3. Nf3 Nf6 4. Nc3 e6 5. Bg5 Be7 6. e3 Nbd7
7. Rc1 O-O 8. Bd3 dxc4 9. Bxc4 Nd5 10. Bxe7 Qxe7 11. a3 Nxc3
12. Rxc3 e5 13. O-O e4 14. Nd2 Nf6 15. f3 Be6 16. Bxe6 Qxe6
17. Rc5 exf3 18. Qxf3 Qg4 19. Qf2 Rae8 20. h3 Qg6 21. Qh4 Ne4
22. Nxe4 Qxe4 23. Qxe4 Rxe4 24. Rf3 Rfe8 25. Kf2 f6 26. Rcf5
Kf7 27. Ra5 a6 28. Ra4 c5 29. Rc4 cxd4 30. Rc7+ R8e7 31. Rxe7+
Kxe7 32. exd4 Rxd4 33. Ke2 Rd5 34. Rc3 Kd7 35. Rc4 a5 36. Rh4
h6 37. Rc4 b5 38. Rc1 h5 39. Rc3 h4 40. Rc2 Rg5 41. Kf3 Rg3+
42. Kf2 Rb3 43. Ke1 g5 44. Kd2 Kd6 45. Kc1 a4 46. Rd2+ Ke5
47. Rf2 f5 48. Kd1 Ke4 49. Ke1 f4 50. Re2+ Re3 51. Kf2 Kd3 0-1

[Event "Asker SK Club Tournament Group A"]
[Site "Asker NOR"]
[Date "2000.12.04"]
[EventDate "2000.09.04"]
[Round "9"]
[Result "1-0"]
[White "Magnus Carlsen"]
[Black "Ole-Jakob Holler"]
[WhiteElo "1645"]
[BlackElo "1296"]
[PlyCount "45"]

1. e4 e6 2. d4 d6 3. Nf3 Be7 4. c4 b6 5. Nc3 a6 6. Bd3 Nd7
7. Be3 Nf8 8. Qc2 Ng6 9. Rd1 Nh4 10. Nxh4 Bxh4 11. e5 g6
12. Be4 Ra7 13. d5 exd5 14. Nxd5 Be6 15. exd6 Bxd5 16. dxc7
Qxc7 17. Bxd5 Ne7 18. Qa4+ Kf8 19. c5 Bxf2+ 20. Bxf2 bxc5
21. O-O Kg7 22. Bg3 Qb6 23. Rxf7+ 1-0

[Event "Baerum BGP Group Kadett"]
[Site "Baerum NOR"]
[Date "2000.12.09"]
[EventDate "2000.12.09"]
[Round "3"]
[Result "1-0"]
[White "Magnus Carlsen"]
[Black "Joshua Paul Schmidt"]
[WhiteElo "1645"]
[BlackElo "1317"]
[PlyCount "49"]

1. e4 e5 2. Nf3 Nc6 3. Bb5 Nd4 4. Nxd4 exd4 5. O-O a6 6. Bc4
d6 7. d3 Nf6 8. Nd2 Be7 9. h3 O-O 10. Nf3 c5 11. Bg5 b5
12. Bb3 a5 13. a4 b4 14. Nd2 h6 15. Bh4 Be6 16. Qe2 Qd7 17. e5
Nh7 18. Bxe7 Qxe7 19. exd6 Qxd6 20. Bxe6 fxe6 21. Rae1 Rae8
22. Qe5 Qd5 23. b3 Rf5 24. Qxd5 Rxd5 25. Nc4 1-0

[Event "Baerum BGP Group Kadett"]
[Site "Baerum NOR"]
[Date "2000.12.09"]
[EventDate "2000.12.09"]
[Round "5"]
[Result "1/2-1/2"]
[White "Magnus Carlsen"]
[Black "Carl Fredrik Ekeberg"]
[WhiteElo "1645"]
[BlackElo "2104"]
[PlyCount "36"]

1. e4 c5 2. Nf3 Nc6 3. d4 cxd4 4. Nxd4 Nf6 5. Nc3 e5 6. Ndb5
d6 7. Nd5 Nxd5 8. exd5 Nb8 9. f4 a6 10. Nc3 Nd7 11. Bd3 Be7
12. O-O O-O 13. Rf3 exf4 14. Bxh7+ Kxh7 15. Rh3+ Kg8 16. Qh5
f6 17. Qh8+ Kf7 18. Qh5+ Kg8 1/2-1/2

[Event "Asker SK Club Ch Group Master"]
[Site "Asker NOR"]
[Date "2001.01.15"]
[EventDate "2001.01.15"]
[Round "1"]
[Result "1/2-1/2"]
[White "Magnus Carlsen"]
[Black "Oyvind Bentsen"]
[WhiteElo "1716"]
[BlackElo "1887"]
[PlyCount "48"]

1. e4 e5 2. Nf3 Nc6 3. Bb5 Nf6 4. O-O Nxe4 5. d4 Nd6 6. Bxc6
dxc6 7. dxe5 Nf5 8. Qxd8+ Kxd8 9. Nc3 Be6 10. b3 Kc8 11. Bb2
Be7 12. Ne2 Rd8 13. Rfd1 a5 14. a4 Bc5 15. Nf4 h6 16. Rxd8+
Kxd8 17. Rd1+ Ke8 18. Rd3 Ne7 19. Bd4 Bb4 20. Nxe6 fxe6
21. Bb2 Bc5 22. Bd4 Bb4 23. Bb2 Bc5 24. Bd4 Bb4 1/2-1/2

[Event "Ostlandsserien 2A (TCh-NOR Qual)"]
[Site "NOR"]
[Date "2001.01.21"]
[EventDate "2000.11.12"]
[Round "4"]
[Result "1-0"]
[White "Ragnar Edvardsen"]
[Black "Magnus Carlsen"]
[WhiteElo "2055"]
[BlackElo "1716"]
[PlyCount "93"]

1. e4 e5 2. Nf3 Nf6 3. Nc3 Nc6 4. Bb5 a6 5. Bxc6 dxc6 6. d4
exd4 7. Qxd4 Qxd4 8. Nxd4 Bb4 9. O-O c5 10. Nde2 Be6 11. a3
Ba5 12. b3 c4 13. b4 Bb6 14. Bg5 O-O-O 15. Rfd1 Rxd1+ 16. Rxd1
Ng4 17. Bh4 g5 18. Bg3 h5 19. h3 h4 20. hxg4 hxg3 21. Nxg3
Bxg4 22. Rd5 f6 23. Na4 Rd8 24. Nxb6+ cxb6 25. Rxd8+ Kxd8
26. f3 Bd7 27. Kf2 Ke7 28. Ke3 Kd6 29. Kd4 b5 30. Nh5 Ke7
31. Kc5 Ke6 32. g3 Bc6 33. Kd4 Kf7 34. g4 Ke6 35. Ng7+ Kd6
36. Nf5+ Ke6 37. c3 b6 38. Ne3 Kd6 39. Nd5 Ke6 40. Nxb6 Bb7
41. a4 Bc6 42. axb5 axb5 43. Kc5 Be8 44. Nd5 Ke5 45. Nc7 Bd7
46. Nxb5 Kf4 47. Nd4 1-0

[Event "Asker SK Club Ch Group Master"]
[Site "Asker NOR"]
[Date "2001.01.22"]
[EventDate "2001.01.15"]
[Round "2"]
[Result "0-1"]
[White "Hans Richard Thjomoe"]
[Black "Magnus Carlsen"]
[WhiteElo "1717"]
[BlackElo "1716"]
[PlyCount "78"]

1. e4 e5 2. Nf3 Nf6 3. Nc3 Nc6 4. Bb5 Bc5 5. O-O O-O 6. d3 d6
7. Bg5 Be6 8. Ne2 Bg4 9. c3 Bxf3 10. gxf3 h6 11. Be3 Bxe3
12. fxe3 Nh5 13. Qe1 Qg5+ 14. Ng3 Ne7 15. Kh1 f5 16. Rg1 f4
17. Nf5 Qf6 18. Nxe7+ Qxe7 19. Rg6 fxe3 20. Qxe3 Kh7 21. Rag1
Qf7 22. f4 Qxg6 23. Rxg6 Kxg6 24. f5+ Kh7 25. Qh3 Nf4 26. Qh4
Rf6 27. Qg3 Raf8 28. Qe3 b6 29. d4 Rd8 30. b3 g6 31. Bc6 Kh8
32. Qd2 Rff8 33. fxg6 Kg7 34. Qd1 Nxg6 35. Bb5 Rf4 36. Qe1
Rdf8 37. Qg3 R8f6 38. dxe5 dxe5 39. Bd3 Rf3 0-1

[Event "NTG Grand Prix Group A"]
[Site "Baerum NOR"]
[Date "2001.01.27"]
[EventDate "2001.01.27"]
[Round "3"]
[Result "0-1"]
[White "Stefan Randjelovic"]
[Black "Magnus Carlsen"]
[WhiteElo "933"]
[BlackElo "1716"]
[PlyCount "74"]

1. c4 Nf6 2. Nc3 c5 3. Nf3 d5 4. cxd5 Nxd5 5. g3 Nc6 6. Bg2
Nc7 7. d3 e5 8. Rb1 Be7 9. O-O O-O 10. Be3 Ne6 11. Re1 Ned4
12. Bd2 Be6 13. b3 Rc8 14. e3 Nxf3+ 15. Bxf3 Qxd3 16. Be4 Qd7
17. Rc1 Rfd8 18. Rc2 Nb4 19. Rb2 Nd3 20. Bxd3 Qxd3 21. Qe2 Qd7
22. e4 c4 23. bxc4 Bxc4 24. Qe3 Ba3 25. Rc2 Bd3 26. Rcc1 Bxc1
27. Rxc1 Qd4 28. Qxd4 exd4 29. Nd5 Rxc1+ 30. Bxc1 Bxe4 31. Nf4
Rc8 32. Bb2 Rc2 33. Ba3 Rxa2 34. Bc1 Ra1 35. f3 Rxc1+ 36. Kf2
Rc2+ 37. Ke1 Bxf3 0-1

[Event "NTG Grand Prix Group A"]
[Site "Baerum NOR"]
[Date "2001.01.27"]
[EventDate "2001.01.27"]
[Round "1"]
[Result "1-0"]
[White "Roger Moen"]
[Black "Magnus Carlsen"]
[WhiteElo "1541"]
[BlackElo "1716"]
[PlyCount "27"]

1. d4 Nf6 2. c4 e6 3. g3 c5 4. Nf3 cxd4 5. Nxd4 Nc6 6. Bg2
Qa5+ 7. Bd2 Qb6 8. Bc3 Bb4 9. e3 Bxc3+ 10. bxc3 O-O 11. O-O
Qb2 12. Nb3 Na5 13. Nxa5 Qxa1 14. Qb3 1-0

[Event "NTG Grand Prix Group A"]
[Site "Baerum NOR"]
[Date "2001.01.28"]
[EventDate "2001.01.27"]
[Round "5"]
[Result "1-0"]
[White "Jorn Snellingen"]
[Black "Magnus Carlsen"]
[WhiteElo "1665"]
[BlackElo "1716"]
[PlyCount "45"]

1. e4 e5 2. d4 exd4 3. c3 d5 4. Qxd4 dxe4 5. Qxe4+ Qe7
6. Qxe7+ Bxe7 7. Bf4 c6 8. Nf3 Nf6 9. Nbd2 O-O 10. Bc4 Nbd7
11. O-O Nb6 12. Bb3 Nbd5 13. Bg5 Bf5 14. Rfe1 Rfe8 15. Re5 Bg6
16. Rae1 Kf8 17. Bxd5 Nxd5 18. Bxe7+ Nxe7 19. Nc4 Rad8
20. R5e3 Bh5 21. Nd4 Bg6 22. Ne5 Nd5 23. Nd7+ 1-0

[Event "NTG Grand Prix Group A"]
[Site "Baerum NOR"]
[Date "2001.01.28"]
[EventDate "2001.01.27"]
[Round "4"]
[Result "1/2-1/2"]
[White "Magnus Carlsen"]
[Black "Per Omtvedt"]
[WhiteElo "1716"]
[BlackElo "1925"]
[PlyCount "57"]

1. e4 Nf6 2. Nc3 d5 3. e5 d4 4. exf6 dxc3 5. fxe7 cxd2+
6. Bxd2 Bxe7 7. Bc3 Qxd1+ 8. Rxd1 O-O 9. Nf3 Bg4 10. Bc4 Nc6
11. O-O Rad8 12. Rfe1 Rxd1 13. Rxd1 Bd6 14. Re1 h6 15. Bd5 Bd7
16. Nd2 Re8 17. Rxe8+ Bxe8 18. Nc4 Be7 19. Kf1 Kf8 20. Ke2 b5
21. Ne5 Nxe5 22. Bxe5 c6 23. Be4 Bc5 24. Bf4 Ke7 25. Be3 Kd6
26. Bf4+ Ke6 27. Be3 Kd6 28. Bf4+ Ke6 29. Be3 1/2-1/2

[Event "Asker SK Club Ch Group Master"]
[Site "Asker NOR"]
[Date "2001.02.05"]
[EventDate "2001.01.15"]
[Round "3"]
[Result "1-0"]
[White "Magnus Carlsen"]
[Black "Thor Johansen"]
[WhiteElo "1716"]
[BlackElo "1801"]
[PlyCount "63"]

1. d4 Nf6 2. c4 e6 3. Nc3 d5 4. Bg5 Nbd7 5. cxd5 exd5 6. e3 c6
7. Bd3 Be7 8. Nf3 O-O 9. O-O Re8 10. Qc2 Ne4 11. Bxe4 Bxg5
12. Bxh7+ Kh8 13. Bd3 Be7 14. Rae1 Nf6 15. Ne5 Kg8 16. f4 c5
17. dxc5 Bxc5 18. Nxd5 b6 19. Nxf6+ Qxf6 20. Be4 Ba6 21. Bxa8
Bxf1 22. Bd5 Rxe5 23. fxe5 Qxe5 24. Bxf7+ Kxf7 25. Rxf1+ Kg8
26. Qb3+ Kh7 27. Rf3 Qe4 28. Kf2 Qh4+ 29. Ke2 Qg4 30. Qd3+ Kh6
31. Kf1 g6 32. Qc3 1-0

[Event "Ostlandsserien 2A (TCh-NOR Qual)"]
[Site "NOR"]
[Date "2001.02.11"]
[EventDate "2000.11.12"]
[Round "5"]
[Result "1-0"]
[White "Magnus Carlsen"]
[Black "Gjermund Sorseth"]
[WhiteElo "1716"]
[BlackElo "1842"]
[PlyCount "56"]

1. e4 c5 2. Nf3 Nc6 3. d4 cxd4 4. Nxd4 Nf6 5. Nc3 e5 6. Ndb5
d6 7. Nd5 Nxd5 8. exd5 Nb8 9. f4 a6 10. Nc3 Nd7 11. Bd3 Be7
12. O-O O-O 13. f5 f6 14. Ne4 b5 15. b3 Bb7 16. c4 bxc4
17. bxc4 Nc5 18. Nxc5 dxc5 19. Rb1 Rb8 20. Be4 Bd6 21. Rb3 Qc7
22. Rh3 Rf7 23. Qh5 h6 24. Rg3 Kf8 25. Qg6 a5 26. Bf3 Ke7
27. Bh5 Rbf8 28. Qh7 Ba6 {Time} 1-0

[Event "Nordic Youth Ch Group E"]
[Site "Laugar ISL"]
[Date "2001.02.16"]
[EventDate "?"]
[Round "2"]
[Result "0-1"]
[White "Alexey Sofiev"]
[Black "Magnus Carlsen"]
[WhiteElo "1486"]
[BlackElo "1716"]
[PlyCount "80"]

1. e4 e5 2. Nf3 Nf6 3. Nxe5 d6 4. Nf3 Nxe4 5. d3 Nf6 6. Nc3
Nc6 7. d4 Bg4 8. Be2 d5 9. Bf4 Bd6 10. Bxd6 Qxd6 11. O-O O-O
12. a3 Rfe8 13. h3 Bh5 14. Re1 Ne4 15. Nd2 Bxe2 16. Qxe2 Nxd4
17. Qd3 Nxc3 18. bxc3 Rxe1+ 19. Rxe1 Ne6 20. Qb5 b6 21. Qb2
Nf4 22. Nf1 Qg6 23. Ng3 h5 24. h4 Qg4 25. Qb5 Qxh4 26. Re8+
Rxe8 27. Qxe8+ Kh7 28. Qxf7 Qg4 29. Qf5+ Qxf5 30. Nxf5 Ne2+
31. Kf1 Nxc3 32. Ne7 g6 33. Ke1 Kg7 34. Kd2 Kf7 35. Nc6 Ne4+
36. Ke3 a5 37. f3 Nd6 38. Kd4 Ke6 39. a4 Nf5+ 40. Kd3 Nh4 0-1

[Event "Asker SK Club Ch Group Master"]
[Site "Asker NOR"]
[Date "2001.02.26"]
[EventDate "2001.01.15"]
[Round "4"]
[Result "1-0"]
[White "Magnus Carlsen"]
[Black "Reidar Agdestein"]
[WhiteElo "1716"]
[BlackElo "1801"]
[PlyCount "85"]

1. e4 c5 2. Nf3 d6 3. d4 cxd4 4. Nxd4 Nf6 5. Nc3 e6 6. Be2 Be7
7. O-O O-O 8. Be3 a6 9. f4 Qc7 10. g4 Nc6 11. f5 Nxd4 12. Bxd4
Nd7 13. Qd2 Bf6 14. Bxf6 Nxf6 15. g5 Ne8 16. Bg4 Qc5+ 17. Kh1
Qe5 18. Qf4 Nc7 19. Rad1 exf5 20. exf5 b5 21. Rxd6 Bb7+
22. Kg1 Qc5+ 23. Qd4 Qxd4+ 24. Rxd4 Rad8 25. Rfd1 Rxd4
26. Rxd4 Bc8 27. Ne4 f6 28. gxf6 gxf6 29. Rd6 Kg7 30. Rc6 Nd5
31. Nd6 Bd7 32. Rxa6 Ne3 33. Ra7 Rd8 34. Bh5 Kf8 35. Nf7 Ke7
36. Nxd8 Kxd8 37. Ra8+ Kc7 38. c3 Bxf5 39. Ra7+ Kb6 40. Rf7
Nd5 41. Bf3 Be6 42. Bxd5 Bxd5 43. Rxf6+ 1-0

[Event "Asker SK Club Ch Group Master"]
[Site "Asker NOR"]
[Date "2001.03.05"]
[EventDate "2001.01.15"]
[Round "5"]
[Result "1-0"]
[White "Asmund Hammerstad"]
[Black "Magnus Carlsen"]
[WhiteElo "2159"]
[BlackElo "1716"]
[PlyCount "61"]

1. d4 Nf6 2. c4 g6 3. Nc3 Bg7 4. e4 d6 5. Be2 O-O 6. Nf3 e5
7. O-O Nc6 8. d5 Ne7 9. b4 a5 10. bxa5 Rxa5 11. Nd2 Nd7 12. a4
f5 13. Ba3 b6 14. Bb4 Ra8 15. a5 bxa5 16. Rxa5 Rb8 17. Rb5 Ra8
18. Nb3 Ba6 19. Ra5 fxe4 20. Qa1 Qb8 21. Qa3 Qb7 22. Ra1 Rfb8
23. Nb5 c6 24. Rxa6 Rxa6 25. Qxa6 Qxa6 26. Rxa6 cxb5 27. Bxd6
Re8 28. Bxe7 Rxe7 29. d6 Re8 30. c5 Rc8 31. c6 1-0

[Event "Ostlandsserien 2A (TCh-NOR Qual)"]
[Site "NOR"]
[Date "2001.03.10"]
[EventDate "2000.11.12"]
[Round "6"]
[Result "0-1"]
[White "Sverre Hoegh Krohn"]
[Black "Magnus Carlsen"]
[WhiteElo "1613"]
[BlackElo "1716"]
[PlyCount "50"]

1. Nf3 Nf6 2. g3 g6 3. Bg2 Bg7 4. O-O O-O 5. c4 d6 6. d4 Nbd7
7. Nc3 e5 8. e4 exd4 9. Nxd4 Nc5 10. b4 Ne6 11. Be3 Ng4
12. Qxg4 Nxd4 13. Qd1 Nc6 14. Nd5 Be6 15. Rc1 Qd7 16. f4 Rfe8
17. f5 Bxd5 18. cxd5 Ne5 19. Bh3 f6 20. Kg2 g5 21. Bxg5 fxg5
22. Qh5 Bf6 23. Qh6 Qe7 24. Rxc7 Qxc7 25. Qxf6 g4 0-1

[Event "Ostlandsserien 2A (TCh-NOR Qual)"]
[Site "NOR"]
[Date "2001.03.11"]
[EventDate "2000.11.12"]
[Round "7"]
[Result "1/2-1/2"]
[White "Magnus Carlsen"]
[Black "Alf Overas"]
[WhiteElo "1716"]
[BlackElo "1836"]
[PlyCount "61"]

1. c4 Nf6 2. Nc3 g6 3. g3 Bg7 4. Bg2 c5 5. e3 O-O 6. Nge2 d6
7. O-O Nc6 8. d4 Bd7 9. b3 Rb8 10. a4 b6 11. Ba3 Re8 12. Rc1
Qc8 13. Nf4 g5 14. Nfd5 Bg4 15. Nxf6+ Bxf6 16. f3 Bh3 17. Ne4
Bxg2 18. Kxg2 Qf5 19. d5 Ne5 20. Nxf6+ exf6 21. e4 Qg6 22. g4
h5 23. h3 Kg7 24. Bb2 Rh8 25. Bxe5 fxe5 26. Qe2 Rh7 27. Rh1
Rbh8 28. Qe3 Qf6 29. Rb1 a5 30. Rbd1 Qf4 31. Rde1 1/2-1/2

[Event "Asker SK Club Ch Group Master"]
[Site "Asker NOR"]
[Date "2001.03.12"]
[EventDate "2001.01.15"]
[Round "6"]
[Result "0-1"]
[White "Lars Gunnesdal"]
[Black "Magnus Carlsen"]
[WhiteElo "1938"]
[BlackElo "1716"]
[PlyCount "56"]

1. e4 e5 2. Nf3 Nf6 3. Nxe5 d6 4. Nc4 Nxe4 5. d4 d5 6. Ne3 Be7
7. Bd3 O-O 8. O-O c6 9. Nd2 f5 10. Re1 Bd6 11. Nef1 Nd7 12. c4
Ndf6 13. c5 Bc7 14. b4 Ng4 15. f3 Nef2 16. Qe2 Nxd3 17. Qxd3
Nxh2 18. g3 Nxf1 19. Nxf1 f4 20. g4 Qh4 21. Re2 Bxg4 22. fxg4
f3 23. Rf2 Qxg4+ 24. Kh1 Rf5 25. Nh2 Rh5 26. Qf1 Re8 27. Qg1
Qxg1+ 28. Kxg1 Bxh2+ 0-1

[Event "Asker SK Club Ch Group Master"]
[Site "Asker NOR"]
[Date "2001.03.26"]
[EventDate "2001.01.15"]
[Round "7"]
[Result "1/2-1/2"]
[White "Magnus Carlsen"]
[Black "Joran Aulin-Jansson"]
[WhiteElo "1716"]
[BlackElo "2227"]
[PlyCount "118"]

1. c4 Nf6 2. Nc3 c5 3. Nf3 Nc6 4. g3 g6 5. Bg2 Bg7 6. O-O d5
7. cxd5 Nxd5 8. Ng5 e6 9. Nge4 b6 10. Qa4 Bd7 11. Nxd5 exd5
12. Nd6+ Ke7 13. Qf4 Ne5 14. d4 cxd4 15. Nb7 Qc7 16. Bxd5 Bc6
17. Qh4+ Bf6 18. Qe4 Qxb7 19. Bg5 Bxg5 20. Qxe5+ Kd7 21. Bxc6+
Qxc6 22. Qxg5 Rhd8 23. Rac1 Qd6 24. Rfd1 Ke8 25. Qh4 Qe5
26. Qxh7 Kf8 27. Rc2 Rd7 28. Rcd2 Rad8 29. Qh6+ Kg8 30. e3
dxe3 31. Rxd7 Rxd7 32. Rxd7 exf2+ 33. Kxf2 Qf5+ 34. Qf4 Qxd7
35. h4 Kh7 36. b3 Qd5 37. Qf6 b5 38. Ke3 a5 39. Qc3 b4 40. Qc4
Qe5+ 41. Kf3 Qf5+ 42. Qf4 Qd3+ 43. Kg2 Qd5+ 44. Kh3 Kg7
45. Kh2 Qc5 46. Qd2 Qc3 47. Qf2 Kg8 48. Kg2 a4 49. bxa4 Qc6+
50. Kh2 Qxa4 51. Qd2 Qa5 52. Kg2 Qc5 53. Qe2 Kg7 54. Kf3 Qc3+
55. Kg2 Kf6 56. Kf2 Qd4+ 57. Qe3 Qc4 58. Qb3 Qc5+ 59. Qe3 Qc2+
1/2-1/2

[Event "Ernst Rojahn Memorial Group B"]
[Site "Tonsberg NOR"]
[Date "2001.04.28"]
[EventDate "2001.04.28"]
[Round "1"]
[Result "1-0"]
[White "Magnus Carlsen"]
[Black "Carl Christian Aarnes"]
[WhiteElo "2064"]
[BlackElo "1189"]
[PlyCount "69"]

1. e4 c6 2. d4 d5 3. e5 Bf5 4. Nf3 h6 5. Nh4 Bh7 6. e6 fxe6
7. Qh5+ Kd7 8. Nf3 Nf6 9. Ne5+ Kc8 10. Qh3 Bg8 11. Bd3 Nbd7
12. Ng6 Rh7 13. Nf4 Rh8 14. Nxe6 Bxe6 15. Qxe6 Qc7 16. f4 Qd6
17. Qe2 b5 18. a4 Qb4+ 19. c3 Qa5 20. b4 Qa6 21. Bb2 Qb7
22. axb5 cxb5 23. Bxb5 a5 24. Rxa5 Rxa5 25. bxa5 Qc7 26. a6
Ne4 27. O-O Nd6 28. Na3 Nb6 29. Qe6+ Kb8 30. c4 Nbxc4 31. Bxc4
dxc4 32. Bc3 g5 33. Rb1+ Ka7 34. Rb7+ Nxb7 35. Nb5+ 1-0

[Event "Ernst Rojahn Memorial Group B"]
[Site "Tonsberg NOR"]
[Date "2001.04.29"]
[EventDate "2001.04.28"]
[Round "5"]
[Result "1/2-1/2"]
[White "Rolf Haug"]
[Black "Magnus Carlsen"]
[WhiteElo "1276"]
[BlackElo "2064"]
[PlyCount "47"]

1. Nf3 f5 2. g3 Nf6 3. Bg2 g6 4. d4 Bg7 5. c4 O-O 6. d5 e6
7. dxe6 dxe6 8. O-O Qe7 9. Nc3 c6 10. Qc2 e5 11. e4 fxe4
12. Nxe4 Nxe4 13. Qxe4 Bf5 14. Qe2 Nd7 15. Nh4 Rae8 16. Nxf5
gxf5 17. b3 e4 18. Bb2 Ne5 19. Bxe5 Qxe5 20. Rad1 Rd8 21. Rxd8
Rxd8 22. Rd1 Rd4 23. Rxd4 Qxd4 24. Bf1 1/2-1/2